MLB Baseball Teams to Stadiums - A Click Quiz - Statistics

General Stats
  • This quiz has been taken 964 times
    203 since last reset
  • The average score is 23 of 30
Answer Stats
Hint Answer % Correct
Yankees Yankee Stadium
94%
Cubs Wrigley Field
91%
Dodgers Dodger Stadium
89%
Angels Angel Stadium
88%
Mets Citi Field
88%
Orioles Oriole Park at Camden Yards
88%
Red Sox Fenway Park
87%
Nationals Nationals Park
87%
Rockies Coors Field
82%
Pirates PNC Park
82%
Padres Petco Park
80%
Royals Kauffman Stadium
79%
Blue Jays Rogers Centre
79%
Rays Tropicana Field
78%
Cardinals Busch Stadium
77%
Tigers Comerica Park
76%
Twins Target Field
74%
Diamondbacks Chase Field
72%
Phillies Citizens Bank Park
72%
Giants Oracle Park
72%
Reds Great American Ballpark
71%
Mariners T-Mobile Park
71%
Guardians Progressive Field
68%
Braves Truist Park
67%
Brewers American Family Field
61%
Astros Daikin Park
61%
Rangers Globe Life Field
61%
Marlins LoanDepot Park
61%
Athletics Sutter Health Park
60%
White Sox Rate Field
56%
No matching quizzes found
Score Distribution
Percent of People with Each Score
Percentile by Number Answered
Your Score History
You have not taken this quiz since the last reset